000 00485nam a2200181Ia 4500
001 11182
005 20260306161927.0
008 260306t2012||||xx |||||||||||||| ||spa||
041 _aESP
082 _a985.01
_bSH741M
100 _aShady Solís, Ruth
_eAUT
245 0 _aCaral la civilización más antigua de las Américas:
_b15 años develando su historia
260 _c2012
300 _a138 páginas :
_c24 cm.
650 _aGEN
654 _aCHU
942 _cLIB
_dJUS
_fJUS
_2ddc
_n
999 _c11182
_d11182